000 00748nam a2200205Ii 4500
003 JO-AjNU
008 230605s9999||||xx |||||||||||||| ||und||
040 _aJO-AjNU
_bara
_erda
_cJO-AjNU
041 _aara
050 1 4 _aKRM210.S2622
100 3 _aالسنهوري ، عبد الرزاق أحمد,
_eauthor
_947174
245 0 0 _aالموجز في النظرية العامة للالتزامات في القانون المدني
250 _a(د،ط)
264 3 1 _aبيروت : المجمع العلمي العربي الاسلامي ، 1990
300 _a810ص
336 _atext
_btxt
_2rdacontent
337 _aunmediated
_bn
_2rdamedia
338 _avolume
_bnc
_2rdacarrier
650 4 _aالتزامات -- قانون -- مصر
_947175
999 _aA20574
_c24142
_d24142